| Поле | Инд. | ПП | Название | Значение |
|---|---|---|---|---|
| Тип записи | a | |||
| Библиографический уровень | b | |||
| 001 | Контрольный номер | RU/IS/BASE/289673949 | ||
| 005 | Дата корректировки | 20200526074512.7 | ||
| 008 | Кодируемые данные | 20090306 | ||
| 040 | b | Код языка каталог. | rus | |
| e | Правила каталог. | PSBO | ||
| 041 | 0_ | a | Код языка текста | rus |
| 084 | a | Индекс другой классификации/Индекс ББК | 86.372-507-3; 81.411.2-03-8 | |
| 100 | 1_ | a | Автор | Панова С. И. |
| 245 | 10 | a | Заглавие | Славянские редакции Диатаксиса патриарха Филофея Коккина |
| 504 | a | Библиография | Библиогр. - Примеч.: с. 142 | |
| 650 | 04 | a | Основная рубрика | перевод |
| a | Основная рубрика | православие | ||
| a | Основная рубрика | религиоведение | ||
| a | Основная рубрика | филологические науки; лексикология; лексикография | ||
| a | Основная рубрика | христианство | ||
| a | Основная рубрика | частное языкознание | ||
| a | Основная рубрика | языкознание | ||
| a | Основная рубрика | религия | ||
| a | Основная рубрика | история языка | ||
| 653 | 0_ | a | Ключевые слова | богословие |
| a | Ключевые слова | богослужебные книги | ||
| a | Ключевые слова | богослужебные тексты | ||
| a | Ключевые слова | богослужение | ||
| a | Ключевые слова | греческий язык | ||
| a | Ключевые слова | история религии | ||
| a | Ключевые слова | литургия | ||
| a | Ключевые слова | русский язык | ||
| a | Ключевые слова | славянские языки | ||
| a | Ключевые слова | Устав Божественной литургии (Диатаксис) | ||
| a | Ключевые слова | церковнославянский язык | ||
| 773 | 08 | t | Заглавие источника | Вестник Московского университета. Серия 9, Филология |
| d | Дата издания источника | 2008 | ||
| g | Прочая информация | № 2. - С. 135 - 142 | ||
| w | Контрольный № источника | RU/IS/BASE/286474537 | ||
| 901 | t | Тип документа | b |